1001 things everyone should know about science

Bibliographic Details
Main Author: Trefil, James
Format: Book
Published: London : Cassell , 1992
Subjects:

MARC

LEADER 00000cam a2200000 7i4500
001 0000006477
002 000006989
005 20000330.0
020 |a 0304342971 
090 0 0 |a 500   |b TRE 
100 1 |a Trefil, James 
245 1 0 |a 1001 things everyone should know about science   |c James Trefil 
260 |a London :   |b Cassell ,   |c 1992 
300 |a 305p. ;   |c 24cm. 
650 0 0 |a Science   |x Miscellanea 
999 |a 038040   |b BUKU   |c PINJAMAN   |e PERPUSTAKAAN KOMUNITI PETALING JAYA